|
|
|
|
| LEADER |
00000nam a22000007a 4500 |
| 005 |
20180320222419.0 |
| 007 |
cr|||| |||| |
| 008 |
180320s2017 br |||||s|||| 00||0 por d |
| 020 |
|
|
|a 978-85-361-9344-1
|
| 035 |
|
|
|a 21119
|
| 040 |
|
|
|a vLex
|
| 090 |
|
|
|c 7523
|d 7523
|
| 100 |
1 |
|
|a Novaes Martinez, Wladimir
|
| 245 |
1 |
0 |
|a Estado covarde
|h [Recurso electrn̤ico] /
|c Wladimir Novaes Martinez
|
| 256 |
|
|
|a Servicio en ln̕ea
|
| 260 |
|
|
|a San Pablo:
|b LTR,
|c 2017
|
| 300 |
|
|
|a 1 recurso electrn̤ico
|
| 506 |
1 |
|
|a Disponible solo en los productos indicados
|d vLex Global
|d vLex Global (Academic Edition, excluding Law Schools)
|d vLex Global (U.S. Academic Edition, Law Schools)
|d vLex Global (U.S. Academic Edition, excluding Law Schools)
|d vLex Global (Academic Edition, Law Schools)
|
| 650 |
0 |
4 |
|a Derecho Militar
|z Brasil
|
| 740 |
0 |
|
|a vLex Libros (Servicio en ln̕ea)
|
| 856 |
4 |
0 |
|u http://vlex.com/source/estado-covarde-21119
|z Acceso restringido
|
| 942 |
|
|
|c BOOK
|
| 999 |
0 |
|
|a Military Law
|